000 00494nam a2200193Ia 4500
008 160319s9999 xx 000 0 und d
020 _a9781848352964
050 _a571.8
050 _bD331c 2009
100 _aDe la Bédoyère, Camilla
245 _aCaterpillar to butterfly /
245 _cCamilla De la Bédoyère.
260 _bQED Publishing.
260 _c2009
300 _a24 pages :
300 _bcolor illustrations ;
440 _aLife Cycles.
650 _aButterflies.
999 _c292007
_d292007